| LEADER 00000nam 2200000uu 4500 |
| 001 13399107874 |
| 003 ULIB |
| 008 101021s2551||||th 000 0 tha d |
| 060 04 ^aW84.6^bย538ป 2551
|
| 100 0 ^aเยาวดี สุวรรณนาคะ
|
| 245 10 ^aประชาคมกับสุขภาพ / เยาวดี สุวรรณนาคะ
|
| 250 ^aพิมพ์ครั้งที่ 1
|
| 260 ^aสุรินทร์ :^bวิทยาลัยพยาบาลบรมราชชนนี สุรินทร์,^c2551
|
| 300 ^a36 แผ่น
|
| 520 ^aหนังสือเล่มนี้เสนอเนื้อหาความหมาย แนวคิดและทฤษฎีเกี่ยวกับประชาคม กระบวนการพัฒนาประชาคม ประชาคมโลก ประชาคมสุขภาพ การส่งเสริมการมีส่วนร่วมของประชาคมสุขภาพ และการส่งเสริมประชาคมสุขภาพ
|
| 650 7 ^aประชาสังคม
|
| 650 7 ^aสาธารณสุข
|
| 650 7 ^aสาธารณสุขมูลฐาน
|
| 650 7 ^aสุขภาพ
|
| 710 1 ^aวิทยาลัยพยาบาลบรมราชชนนี สุรินทร์
|
| 999 ^aสุณิสา
|